FCSG Kader 25/26 - Statistiken

Allgemein
  • Dieses Quiz wurde 12 mal gespielt
  • Das Durchschnittsergebnis liegt bei 15 aus 27
Antwortstatistiken
Im Verein seit Spieler % Korrekt
13.01.2023 Alessandro Vogt
100%
01.07.2025 Carlo Boukhalfa
100%
02.09.2023 Jozo Stanic
100%
24.01.2020 Lawrence Ati Zigi
100%
03.02.2025 Lukas Daschner
100%
08.07.2019 Lukas Görtler
100%
20.08.2020 Lukas Watkowiak
100%
21.07.2025 Aliou Baldé
67%
21.06.2023 Betim Fazliji
67%
22.07.2023 Chima Okoroji
67%
01.08.2020 Corsin Konietzke
67%
01.07.2019 Cyrill May
67%
04.09.2024 Hugo Vandermersch
67%
22.01.2022 Jordi Quintilla
67%
28.08.2025 Malamine Efekele
67%
19.06.2023 Mihailo Stevanovic
67%
17.06.2025 Tom Gaal
67%
28.01.2026 Antonio Verinac
33%
14.06.2022 Bela Dumrath
33%
27.11.2021 Christian Witzig
33%
07.01.2026 Colin Kleine-Bekel
33%
11.02.2025 Enoch Owusu
33%
01.07.2023 Behar Neziri
0%
06.08.2024 Kevin Csoboth
0%
28.02.2018 Pascal Büttiker
0%
17.09.2025 Tiemoko Outtara
0%
27.01.2026 Yannick Bujard
0%
Keine übereinstimmenden Quizze gefunden
Verteilung der Resultate
Anzahl Personen mit jedem Resultat
Perzentil nach korrekt beantworteten Fragen
Ihre Resultats-Entwicklung
Sie haben dieses Quiz noch nicht gespielt